Hazbin Hotel - Love In A Bottle - Statistics

General Stats
  • This quiz has been taken 162 times
    115 since last reset
  • The average score is 243 of 305
Answer Stats
Answer % Correct
a
98%
I
98%
It
98%
it
98%
be
97%
when
97%
bottle
95%
comes
95%
in
95%
Love
95%
love
95%
Don't
93%
don't
93%
need
92%
not
92%
You
92%
you
92%
the
90%
and
89%
nothin'
89%
so
89%
time
89%
la
87%
La
87%
long
87%
my
87%
another
85%
Another
85%
been
85%
double
85%
drink
85%
I'm
85%
up
85%
is
84%
I've
84%
on
84%
or
84%
to
84%
it's
80%
sin
79%
Then
79%
your
79%
me
77%
own
77%
since
77%
for
75%
laugh
75%
someone
75%
such
75%
alone
74%
free
74%
know
74%
you're
74%
You're
74%
like
72%
over
72%
this
72%
where
72%
myself
70%
sorry
70%
Bittersweet
69%
bluffin'
69%
else
69%
feel
69%
Lap
69%
of
69%
out
69%
that
69%
meant
67%
wrong
67%
all
66%
are
66%
behind
66%
drinking
66%
from
66%
Now
66%
round !
66%
Go
64%
wanna
64%
feels
62%
kinda
62%
Makes
62%
scotch
62%
ice
61%
leavin'
61%
'til
61%
every
59%
wine
59%
as
57%
friends
57%
fucks
56%
never
56%
overthinkin'
56%
beholder
54%
Can't
54%
down
54%
same
54%
Strut
54%
than
54%
lies
52%
100
51%
cares
51%
Find
51%
goes
51%
have
51%
just
51%
notch
51%
abandon
49%
Gin
49%
pour
49%
ship
49%
missed
48%
proof
48%
chips
46%
clinking
46%
faster
46%
sinkin'
46%
Divin'
44%
Numb
44%
Stay
43%
water
43%
hand
41%
Home
41%
tune
39%
rocks
36%
shelf
36%
top
36%
Get
34%
jumpin'
34%
kick
34%
tumblers
34%
Deal
31%
quicksand's
30%
unaware's
30%
No matching quizzes found
Score Distribution
Percent of People with Each Score
Percentile by Number Answered
Your Score History
You have not taken this quiz since the last reset